[Event "Hyderabad op 3rd"]
[Site "Hyderabad"]
[Date "2019.08.26"]
[Round "9"]
[White "Pranav, V."]
[Black "Aryamann, Sain"]
[Result "1-0"]
[WhiteElo "2316"]
[BlackElo "2010"]
[PlyCount "125"]
[EventDate "2019.08.20"]
[EventType "swiss"]
[EventRounds "10"]
[EventCountry "IND"]
[SourceTitle "EXT 2020"]
[Source "ChessBase"]
[SourceDate "2019.10.17"]
[SourceVersion "1"]
[SourceVersionDate "2019.10.17"]
[SourceQuality "1"]

1. e4 c5 2. Nf3 d6 3. Bb5+ Bd7 4. Bxd7+ Nxd7 5. c4 Ngf6 6. Nc3 Ne5 7. Nxe5 dxe5 8. d3 e6 9. Be3 Be7 10. Qe2 Nd7 11. 0-0 0-0 12. Qh5 h6 13. g3 Bf6 14. a3 a5 15. Rad1 b6 16. f4 exf4 17. gxf4 Bxc3 18. bxc3 f5 19. e5 Rc8 20. Rf2 Qe8 21. Qxe8 Rfxe8 22. h4 h5 23. a4 Re7 24. Rb2 Rc6 25. Rdb1 Kf7 26. Kf2 Re8 27. Ke2 Rec8 28. Kd2 Rd8 29. Kc2 Rdc8 30. Kb3 R6c7 31. Rc1 Nb8 32. Rg1 g6 33. Rbg2 Rg8 34. d4 Nd7 35. d5 Nf8 36. Ka3 Rb7 37. Rb1 Nd7 38. Rd2 Re8 39. Rdb2 Ra8 40. Rb5 Rab8 41. Ka2 Ke7 42. R5b2 Rg8 43. Rd2 Re8 44. Rg1 Kf7 45. Rb2 Rg8 46. dxe6+ Kxe6 47. Rd2 Ke7 48. Rd6 Nf8 49. Rxb6 Rc7 50. Rf6 Ne6 51. Rb1 Rd8 52. Rb6 Nf8 53. Rfd6 Rdc8 54. Ra6 Rb7 55. Rxa5 Rcb8 56. Rb5 Ne6 57. Kb3 Kf7 58. Rd5 Ke8 59. Bxc5 Nc7 60. Rd6 Nxb5 61. cxb5 Kf7 62. Bd4 Re7 63. c4 1-0

[Event "Hyderabad op 3rd"]
[Site "Hyderabad"]
[Date "2019.08.21"]
[Round "2"]
[White "Aryamann, Sain"]
[Black "Smirnov, Pavel"]
[Result "0-1"]
[WhiteElo "2010"]
[BlackElo "2574"]
[PlyCount "83"]
[EventDate "2019.08.20"]
[EventType "swiss"]
[EventRounds "10"]
[EventCountry "IND"]
[SourceTitle "EXT 2020"]
[Source "ChessBase"]
[SourceDate "2019.10.17"]
[SourceVersion "1"]
[SourceVersionDate "2019.10.17"]
[SourceQuality "1"]

1. d4 Nf6 2. c4 e6 3. g3 d5 4. Nf3 Be7 5. Bg2 0-0 6. Nc3 c6 7. 0-0 Nbd7 8. Qd3 b6 9. b3 Ba6 10. e4 dxc4 11. bxc4 e5 12. d5 Qc7 13. Nd2 b5 14. cxb5 Nc5 15. Qc2 cxb5 16. Nd1 b4 17. Re1 Bd3 18. Qb2 Rfc8 19. Bh3 Rcb8 20. f3 Bb5 21. Bf1 Bxf1 22. Rxf1 Nd3 23. Qb1 Bc5+ 24. Kg2 Bd4 25. Nb2 Qc3 26. Nb3 Ne1+ 27. Kh1 Nc2 28. Bd2 Qxb2 29. Nxd4 Qxb1 30. Raxb1 exd4 31. Rfc1 d3 32. Rb3 Nd7 33. Bf4 Nc5 34. Bxb8 Nxb3 35. axb3 Rxb8 36. Rd1 a5 37. Rxd3 a4 38. d6 a3 39. d7 Rd8 40. Rd2 a2 41. Rxc2 a1Q+ 42. Kg2 0-1